书目信息 |
| 题名: |
市政工程
|
|
| 作者: | 栾德成 主编 ;北京市建筑业联合会 主编 | |
| 分册: | ||
| 出版信息: | 北京 中国建筑工业出版社 2020.5 |
|
| 页数: | 215-389页 | |
| 开本: | 26cm | |
| 丛书名: | ||
| 单 册: | ||
| 中图分类: | TU99 | |
| 科图分类: | ||
| 主题词: | 市政工程--继续教育--教材 | |
| 电子资源: | ||
| ISBN: | 978-7-112-25027-1 | |
| 000 | 01012nam0 2200265 45 | |
| 001 | 012001000788 | |
| 005 | 20140912080922.0 | |
| 010 | @a978-7-112-25027-1@dCNY55.00 | |
| 100 | @a20200712d2020 em y0chiy50 ea | |
| 101 | 0 | @achi |
| 102 | @aCN@b110000 | |
| 105 | @aa z 000yy | |
| 106 | @ar | |
| 200 | 1 | @a市政工程@b专著@e下册@f北京市建筑业联合会主编@g北京市建筑业联合会主编@Ashi zheng gong cheng |
| 210 | @a北京@c中国建筑工业出版社@d2020.5 | |
| 215 | @a215-389页@c图@d26cm | |
| 300 | @a二级注册建造师继续教育培训教材 | |
| 314 | @a主编:栾德成 | |
| 330 | @a本书内容涵盖道桥工程施工技术、轨道交通工程施工技术、管道工程施工技术、环境工程施工技术、施工信息化技术、工程项目商务管理、法律法规及相关标准等,特别是新技术在实际工程中的成功应用。 | |
| 606 | 0 | @a市政工程@x继续教育@j教材 |
| 690 | @aTU99@v5 | |
| 701 | 0 | @a栾德成@Aluan de cheng@f(1949~)@4主编 |
| 712 | 02 | @a北京市建筑业联合会@Abei jing shi jian zhu ye lian he hui@4主编 |
| 801 | 0 | @aCN@bBJSDL@c20211011 |
| 905 | @b1332157-60@dTU99@e1870@f4 | |
| 市政工程:下册/北京市建筑业联合会主编/北京市建筑业联合会主编.-北京:中国建筑工业出版社,2020.5 |
| 215-389页:图;26cm |
| 二级注册建造师继续教育培训教材 |
| ISBN 978-7-112-25027-1:CNY55.00 |
| 本书内容涵盖道桥工程施工技术、轨道交通工程施工技术、管道工程施工技术、环境工程施工技术、施工信息化技术、工程项目商务管理、法律法规及相关标准等,特别是新技术在实际工程中的成功应用。 |
| ● |
| 相关链接 |
|
|
|
|
正题名:市政工程
索取号:TU99/1870
 
预约/预借
| 序号 | 登录号 | 条形码 | 馆藏地/架位号 | 状态 | 备注 |
| 1 | 1332157 | 213321573 | 第二样本阅览室/ [索取号:TU99/1870] | 在馆 | |
| 2 | 1332158 | 213321582 | 第三借阅区/ [索取号:TU99/1870] | 在馆 | |
| 3 | 1332159 | 213321591 | 第三借阅区/ [索取号:TU99/1870] | 在馆 | |
| 4 | 1332160 | 213321608 | 第三借阅区/ [索取号:TU99/1870] | 在馆 |